Les vainqueurs de LDC si le Real Madrid n'existe pas - Statistiques

Statistiques générales
  • Ce quiz a été pris 76 fois
  • Le résultat moyen est 9 sur 15
Statistiques - réponses
Hint Réponse % Correct
2022 Liverpool
91%
2018 Liverpool
91%
2024 Borussia Dortmund
90%
2017 Juventus
88%
1998 Juventus
88%
2016 Atlético Madrid
87%
2014 Atlético Madrid
87%
1959 Stade de Reims
55%
1956 Stade de Reims
55%
2002 Bayer Leverkusen
54%
2000 Valence
45%
1958 AC Milan
36%
1960 Francfort
10%
1957 Fiorentina
7%
1966 Partizan Belgrade
6%
Aucun quiz correspondant
Distribution des résultats
% des personnes avec chaque résultat
Percentile par nombre de réponses
Votre historique - résultats
Vous n’avez pas pris ce quiz